| 000 | 00564nam a22001817a 4500 | ||
|---|---|---|---|
| 003 | OSt | ||
| 005 | 20210204134223.0 | ||
| 008 | 210204b ||||| |||| 00| 0 eng d | ||
| 020 | _a0333316800 | ||
| 040 | _cPHNSL | ||
| 100 | _qMcCusker, Jane. | ||
| 245 |
_aHow to measure and evaluate community health : _ba self-teaching manual for rural health workers / _cJane McCusker. |
||
| 260 |
_aLondon : _bMacmillan, _c1982. |
||
| 300 |
_avarious paging : _bill. |
||
| 504 | _aReferences and indexes | ||
| 650 |
_2Community Health _vCommunity Health Teaching |
||
| 942 |
_2lcc _cBK |
||
| 999 |
_c11 _d11 |
||